000 00652nam a2200169Ia 4500
008 090201s9999 xx 000 0 und d
010 _aKPL-37853
040 _bमराठी
041 _aमराठी
082 _a16867
_b37853
100 _aसेतुमाधवराव पगडी
245 _aश्री समर्थ आणि समर्थ संप्रदाय
_cसेतुमाधवराव पगडी
260 _c2004
_bपरचुरे प्रकाशन
300 _a259
_bमोठा
600 _aश्री समर्थ आणि समर्थ संप्रदाय
942 _cBOOK
999 _c216850
_d216850